Statistics for Every Wrestler to Compete on NXT TakeOver

Click here to take the quiz!

General Stats

  • This quiz has been taken 255 times
    (227 since last reset)
  • The average score is 51 of 102

Answer Stats

First TakeOver MatchWrestler% Correct
TakeOver: Brooklyn IIJohnny Gargano
90%
TakeOver: R EvolutionKevin Owens
90%
TakeOver: Brooklyn IITomasso Ciampa
90%
TakeOver: WarGamesAdam Cole
89%
TakeOverSami Zayn
89%
TakeOverCharlotte Flair
87%
TakeOver: BrooklynSamoa Joe
83%
TakeOver: R EvolutionSasha Banks
83%
TakeOver: Fatal 4-WayBayley
81%
TakeOver: R EvolutionFinn Balor
81%
TakeOver: San AntonioRoderick Strong
79%
TakeOver: RivalBecky Lynch
78%
TakeOver: DallasShinsuke Nakamura
78%
TakeOverAdrian Neville
77%
TakeOver: WarGamesKyle O'Reilly
77%
TakeOver: OrlandoAleister Black
76%
TakeOver: WarGamesBobby Fish
76%
TakeOver: RespectAsuka
75%
TakeOver: WarGames 2019Keith Lee
73%
TakeOver: ChicagoPete Dunne
69%
TakeOver: San AntonioNikki Cross
68%
TakeOver: Brooklyn IIIDrew McIntyre
67%
TakeOver: In Your HouseKarrion Kross
67%
TakeOverTyler Breeze
67%
TakeOver: The EndAndrade Cien Almas
66%
TakeOver: Brooklyn IIBobby Roode
65%
TakeOver: WarGames 2019Rhea Ripley
65%
TakeOver: New OrleansRicochet
64%
TakeOver: WarGamesVelveteen Dream
64%
TakeOver: Fatal 4-WayBaron Corbin
60%
TakeOver: RespectScott Dawson
59%
TakeOver: PhiladelphiaShayna Baszler
59%
TakeOver: WarGames 2019Dakota Kai
58%
TakeOver: RespectDash Wilder
58%
TakeOver: Brooklyn IIEmber Moon
58%
TakeOver: New YorkIo Shirai
58%
TakeOver: San AntonioEric Young
57%
TakeOver: TorontoRezar
56%
TakeOver: TorontoAkam
55%
TakeOverTyson Kidd
55%
TakeOver: OrlandoKillian Dain
54%
TakeOver: New YorkWalter
54%
TakeOver: WarGamesKairi Sane
53%
TakeOver: ChicagoTyler Bate
52%
TakeOverKonnor
51%
TakeOverViktor
51%
TakeOver: WarGames 2018Matt Riddle
50%
TakeOver: PhoenixBianca Belair
49%
TakeOver: RespectChad Gable
49%
TakeOver: WarGames 2019Damian Priest
48%
TakeOver: WarGames 2019Tegan Nox
48%
TakeOver: UnstoppableColin Cassady
47%
TakeOver: Fatal 4-WayEnzo Amore
47%
TakeOver: OrlandoAlexander Wolfe
46%
TakeOver: WarGames 2018Hanson
46%
TakeOver: RespectJason Jordan
46%
TakeOverNatalya
46%
TakeOver: WarGames 2018Rowe
45%
TakeOver: WarGames 2019Dominik Dijakovic
44%
TakeOverKalisto
44%
TakeOver: WarGamesLars Sullivan
44%
TakeOver: New OrleansEC3
43%
TakeOver: RivalBuddy Murphy
42%
TakeOver: LondonNia Jax
42%
TakeOver: UnstoppableEmma
40%
TakeOver: R EvolutionHideo Itami
40%
TakeOver: BrooklynJushin Thunder Liger
40%
TakeOver: Fatal 4-WaySin Cara
40%
TakeOver: R EvolutionAiden English
39%
TakeOverAdam Rose
38%
TakeOver: R EvolutionSimon Gotch
38%
TakeOver: Brooklyn IIBillie Kay
37%
TakeOver XXVMontez Ford
37%
TakeOver: San AntonioPeyton Royce
37%
TakeOver: R EvolutionTye Dillinger
37%
TakeOver XXVAngelo Dawkins
36%
TakeOver: RivalWesley Blake
36%
TakeOver: Chicago IIOney Lorcan
35%
TakeOver: Chicago IIDanny Burch
32%
TakeOver: BrooklynApollo Crews
31%
TakeOver: OrlandoKassius Ohno
31%
TakeOver: Brooklyn 4Trent Seven
30%
TakeOver: DallasAustin Aries
28%
TakeOver: UnstoppableDana Brooke
28%
TakeOver: TorontoMickie James
28%
TakeOver: UnstoppableRhyno
28%
TakeOver: OrlandoRuby Riott
28%
TakeOver: Fatal 4-WayCJ Parker
27%
TakeOver: In Your HouseRaquel González
27%
TakeOver: Toronto 2019Mia Yim
26%
TakeOver: Fatal 4-WayBull Dempsey
24%
TakeOver: Toronto 2019Candice LaRae
24%
TakeOver: Brooklyn IINo Way Jose
23%
TakeOver: WarGames 2019Kay Lee Ray
22%
TakeOver: Fatal 4-WayMojo Rawley
22%
TakeOver: In Your HouseShotzi Blackheart
20%
TakeOver: TorontoNick Miller
16%
TakeOverEl Local
15%
TakeOver: TorontoShane Thorne
15%
TakeOver XXVSteve Cutler
13%
TakeOver: Fatal 4-WaySylvester Lefort
13%
TakeOverCamacho
11%

Score Distribution

Percentile by Number Answered

Percent of People with Each Score

Your Score History

You have not taken this quiz since the last reset